000 00675nam a2200289Ia 4500
005 20260324144315.0
008 008 260324s9999 xx 000 0 eng d
020 _a9781315802084
037 _aEBOOK
040 _aCRL
040 _beng
040 _cCRL
041 _2eng
041 _aeng
084 _qCRL
100 _aWilliam Bechtel
_91181720
245 0 _aPhilosophy of Science
245 3 _bAn Overview for Cognitive Science
260 _bTaylor and Francis
260 _c1988
365 _a
365 _b230
856 _uhttp://www.taylorfrancis.com/books/9781315802084
942 _cEBOOK
999 _c1825303
_d1825303